[Event "DVM U20 2023"]
[Site "Magdeburg GER"]
[Date "2023.12.28"]
[Round "3"]
[White "Späth, René"]
[Black "Rabenstein, Jonathan"]
[Result "1-0"]
[Termination "normal"]
[Board "7.3"]
[WhiteElo "1588"]
[BlackElo "1441"]
[WhiteClock "00:30:24"]
[BlackClock "00:29:09"]
[WhiteTeam "SF HN-Biberach 1978"]
[BlackTeam "USC Magdeburg"]
[PlyCount "91"]
[WhiteFideId "16224272"]
[BlackFideId "16298462"]
[EventCountry "GER"]
[EventRounds "7"]
[EventType "team-swiss"]
[EventDate "2023.12.26"]

1. e4 {[%clk 01:30:57]} {[%emt 00:00:01]} e5 {[%clk 01:30:41]} {[%emt
00:00:19]} 2. Nf3 {[%clk 01:31:22]} {[%emt 00:00:06]} Nc6 {[%clk 01:30:53]}
{[%emt 00:00:17]} 3. Bc4 {[%clk 01:31:41]} {[%emt 00:00:12]} Nf6 {[%clk
01:30:45]} {[%emt 00:00:38]} 4. d3 {[%clk 01:30:16]} {[%emt 00:01:55]} Be7
{[%clk 01:29:46]} {[%emt 00:01:28]} 5. Nc3 {[%clk 01:28:45]} {[%emt 00:02:02]}
d6 {[%clk 01:26:22]} {[%emt 00:03:53]} 6. h3 {[%clk 01:27:40]} {[%emt
00:01:36]} O-O {[%clk 01:25:11]} {[%emt 00:01:42]} 7. Be3 {[%clk 01:24:31]}
{[%emt 00:03:38]} Na5 {[%clk 01:18:03]} {[%emt 00:07:38]} 8. Bb3 {[%clk
01:18:15]} {[%emt 00:06:46]} c5 {[%clk 01:10:14]} {[%emt 00:08:19]} 9. O-O
{[%clk 01:07:45]} {[%emt 00:11:00]} Nc6 {[%clk 01:04:21]} {[%emt 00:06:23]} 10.
Nh2 {[%clk 00:52:54]} {[%emt 00:15:22]} Kh8 {[%clk 00:50:26]} {[%emt 00:14:25]}
11. f4 {[%clk 00:44:32]} {[%emt 00:08:51]} Be6 {[%clk 00:33:54]} {[%emt
00:17:02]} 12. Nd5 {[%clk 00:29:35]} {[%emt 00:15:27]} Bxd5 {[%emt 00:04:36]}
13. exd5 {[%clk 00:27:41]} {[%emt 00:02:20]} Nd4 {[%clk 00:28:21]} {[%emt
00:02:01]} 14. fxe5 {[%clk 00:22:32]} {[%emt 00:05:40]} dxe5 {[%clk 00:27:59]}
{[%emt 00:00:52]} 15. c4 {[%clk 00:22:46]} {[%emt 00:00:16]} Nd7 {[%clk
00:17:20]} {[%emt 00:11:08]} 16. Nf3 {[%clk 00:19:14]} {[%emt 00:04:02]} Bd6
{[%clk 00:14:25]} {[%emt 00:03:25]} 17. Bf2 {[%clk 00:16:11]} {[%emt 00:03:33]}
Qc7 {[%clk 00:13:02]} {[%emt 00:01:52]} 18. Ng5 {[%clk 00:13:38]} {[%emt
00:03:04]} Nf6 {[%clk 00:09:50]} {[%emt 00:03:43]} 19. h4 {[%clk 00:08:27]}
{[%emt 00:05:41]} h6 {[%clk 00:09:34]} {[%emt 00:00:46]} 20. Nh3 {[%clk
00:08:32]} {[%emt 00:00:24]} Qd7 {[%clk 00:09:20]} {[%emt 00:00:46]} 21. Bg3
{[%clk 00:07:22]} {[%emt 00:01:40]} Qc7 {[%clk 00:07:32]} {[%emt 00:02:17]} 22.
Nf2 {[%clk 00:05:54]} {[%emt 00:01:58]} Nd7 {[%clk 00:05:24]} {[%emt 00:02:38]}
23. Ne4 {[%clk 00:05:57]} {[%emt 00:00:27]} f5 {[%clk 00:05:40]} {[%emt
00:00:15]} 24. Nxd6 {[%clk 00:05:42]} {[%emt 00:00:44]} Qxd6 {[%clk 00:06:03]}
{[%emt 00:00:07]} 25. Qd2 {[%clk 00:04:51]} {[%emt 00:01:21]} Qg6 {[%clk
00:06:05]} {[%emt 00:00:28]} 26. Bh2 {[%clk 00:04:04]} {[%emt 00:01:18]} f4
{[%clk 00:04:04]} {[%emt 00:02:30]} 27. Rae1 {[%clk 00:03:34]} {[%emt
00:01:00]} a6 {[%clk 00:03:48]} {[%emt 00:00:47]} 28. Bd1 {[%clk 00:03:50]}
{[%emt 00:00:13]} f3 {[%clk 00:03:06]} {[%emt 00:01:13]} 29. Bxe5 {[%clk
00:03:38]} {[%emt 00:00:42]} Nxe5 {[%clk 00:02:34]} {[%emt 00:01:02]} 30. Rxe5
{[%clk 00:04:00]} {[%emt 00:00:08]} fxg2 {[%clk 00:03:01]} {[%emt 00:00:04]}
31. Qxg2 {[%clk 00:04:22]} {[%emt 00:00:07]} Rxf1+ 32. Kxf1 {[%clk 00:04:47]}
Qxd3+ {[%clk 00:03:44]} {[%emt 00:00:02]} 33. Be2 {[%clk 00:04:25]} {[%emt
00:00:53]} Rf8+ {[%clk 00:03:58]} {[%emt 00:00:17]} 34. Kg1 {[%clk 00:04:40]}
{[%emt 00:00:13]} Nxe2+ {[%clk 00:02:27]} {[%emt 00:02:03]} 35. Rxe2 {[%clk
00:03:06]} {[%emt 00:02:05]} Qxc4 {[%clk 00:02:01]} {[%emt 00:00:55]} 36. Qe4
{[%clk 00:01:18]} {[%emt 00:02:18]} Qc1+ {[%clk 00:01:40]} {[%emt 00:00:51]}
37. Kh2 {[%clk 00:01:38]} {[%emt 00:00:08]} Rf4 {[%clk 00:01:33]} {[%emt
00:00:39]} 38. Qe8+ {[%clk 00:01:40]} {[%emt 00:00:28]} Kh7 {[%clk 00:02:03]}
{[%emt 00:00:01]} 39. Qe7 {[%clk 00:01:55]} {[%emt 00:00:13]} Qf1 {[%clk
00:01:58]} {[%emt 00:00:35]} 40. Rg2 {[%clk 00:02:21]} {[%emt 00:00:05]} Rf7
{[%clk 00:02:22]} {[%emt 00:00:07]} 41. Qe4+ {[%clk 00:01:03]} {[%emt
00:01:47]} Kh8 {[%clk 00:01:09]} {[%emt 00:01:42]} 42. d6 {[%clk 00:29:23]}
{[%emt 00:02:11]} Qf4+ {[%clk 00:27:57]} {[%emt 00:03:42]} 43. Qxf4 {[%clk
00:29:38]} {[%emt 00:00:14]} Rxf4 {[%clk 00:28:25]} {[%emt 00:00:03]} 44. Rd2
{[%clk 00:29:41]} {[%emt 00:00:27]} Rd4 {[%clk 00:28:51]} {[%emt 00:00:05]} 45.
Rxd4 {[%clk 00:30:00]} {[%emt 00:00:11]} cxd4 {[%clk 00:29:09]} {[%emt
00:00:13]} 46. d7 {[%clk 00:30:24]} {[%emt 00:00:06]} 1-0

[Event "DVM U20 2023"]
[Site "Magdeburg GER"]
[Date "2023.12.28"]
[Round "3"]
[White "Burghardt, Jonathan"]
[Black "Epp, Magnus"]
[Result "0-1"]
[Termination "normal"]
[Board "7.4"]
[WhiteElo "1260"]
[BlackElo "1478"]
[WhiteClock "00:31:31"]
[BlackClock "00:30:44"]
[WhiteTeam "USC Magdeburg"]
[BlackTeam "SF HN-Biberach 1978"]
[PlyCount "68"]
[WhiteFideId "34617965"]
[BlackFideId "16289773"]
[EventCountry "GER"]
[EventRounds "7"]
[EventType "team-swiss"]
[EventDate "2023.12.26"]

1. e4 {[%clk 01:30:56]} {[%emt 00:00:03]} e6 {[%clk 01:30:51]} {[%emt
00:00:10]} 2. d4 {[%clk 01:31:13]} {[%emt 00:00:13]} d5 {[%clk 01:31:19]}
{[%emt 00:00:02]} 3. exd5 {[%clk 01:31:31]} {[%emt 00:00:11]} exd5 {[%clk
01:31:43]} {[%emt 00:00:07]} 4. Nf3 {[%clk 01:31:31]} {[%emt 00:00:30]} Bd6
{[%clk 01:31:20]} {[%emt 00:00:52]} 5. c4 {[%clk 01:30:32]} {[%emt 00:01:29]}
dxc4 {[%clk 01:31:33]} {[%emt 00:00:18]} 6. Bxc4 {[%clk 01:30:39]} {[%emt
00:00:22]} Nf6 {[%clk 01:31:42]} {[%emt 00:00:22]} 7. O-O {[%clk 01:30:25]}
{[%emt 00:00:43]} O-O {[%clk 01:32:03]} {[%emt 00:00:08]} 8. Nc3 {[%clk
01:27:51]} {[%emt 00:03:04]} Nbd7 {[%clk 01:31:38]} {[%emt 00:00:56]} 9. Bg5
{[%clk 01:24:51]} {[%emt 00:03:29]} c6 {[%clk 01:31:49]} {[%emt 00:00:19]} 10.
Re1 {[%clk 01:22:48]} {[%emt 00:02:34]} Qc7 {[%clk 01:29:46]} {[%emt 00:02:32]}
11. Qb3 {[%clk 01:18:24]} {[%emt 00:04:55]} Nb6 {[%clk 01:28:01]} {[%emt
00:02:14]} 12. Bxf6 {[%clk 01:16:10]} {[%emt 00:02:44]} gxf6 {[%clk 01:28:31]}
13. Bd3 {[%clk 01:07:40]} {[%emt 00:09:01]} Bg4 {[%clk 01:26:03]} {[%emt
00:02:57]} 14. Re3 {[%clk 01:05:37]} {[%emt 00:02:33]} Bf4 {[%clk 01:23:58]}
{[%emt 00:02:35]} 15. Re4 {[%clk 01:04:26]} {[%emt 00:01:40]} f5 {[%clk
01:10:55]} {[%emt 00:13:34]} 16. Ree1 {[%clk 01:03:29]} {[%emt 00:01:28]} Bxf3
{[%clk 01:10:10]} {[%emt 00:01:15]} 17. gxf3 {[%emt 00:00:13]} Bxh2+ {[%clk
01:10:33]} {[%emt 00:00:04]} 18. Kg2 {[%clk 01:02:48]} {[%emt 00:01:32]} Kh8
{[%clk 01:09:41]} {[%emt 00:01:22]} 19. Bxf5 {[%clk 00:55:27]} {[%emt
00:07:50]} Rg8+ {[%clk 01:07:32]} {[%emt 00:02:39]} 20. Kf1 {[%clk 00:52:52]}
{[%emt 00:03:04]} Rg5 {[%clk 00:56:38]} {[%emt 00:11:25]} 21. Bd3 {[%clk
00:46:23]} {[%emt 00:06:58]} Rg1+ {[%clk 00:52:47]} {[%emt 00:04:20]} 22. Ke2
{[%clk 00:46:35]} {[%emt 00:00:19]} Re8+ {[%clk 00:53:06]} {[%emt 00:00:12]}
23. Ne4 {[%clk 00:44:52]} {[%emt 00:02:13]} Rxe1+ {[%clk 00:53:06]} {[%emt
00:00:29]} 24. Rxe1 {[%clk 00:45:09]} {[%emt 00:00:12]} f5 {[%clk 00:53:29]}
{[%emt 00:00:08]} 25. Kd1 {[%clk 00:42:19]} {[%emt 00:03:20]} fxe4 {[%clk
00:51:49]} {[%emt 00:02:10]} 26. Rxe4 {[%clk 00:40:29]} {[%emt 00:02:19]} Rxe4
{[%clk 00:52:05]} {[%emt 00:00:14]} 27. Bxe4 {[%clk 00:40:36]} {[%emt
00:00:25]} Qd7 {[%clk 00:50:02]} {[%emt 00:02:33]} 28. Qb4 {[%clk 00:39:38]}
{[%emt 00:01:28]} Bd6 {[%clk 00:49:26]} {[%emt 00:01:06]} 29. Qd2 {[%clk
00:38:19]} {[%emt 00:01:50]} Qg7 {[%clk 00:44:51]} {[%emt 00:05:05]} 30. d5
{[%clk 00:35:48]} {[%emt 00:03:00]} Nc4 {[%clk 00:42:51]} {[%emt 00:02:30]} 31.
Qc2 {[%clk 00:34:35]} {[%emt 00:01:43]} Qd4+ {[%clk 00:41:39]} {[%emt
00:01:42]} 32. Kc1 {[%clk 00:33:58]} {[%emt 00:01:08]} Bf4+ {[%clk 00:40:55]}
{[%emt 00:01:14]} 33. Kb1 {[%clk 00:34:03]} {[%emt 00:00:23]} Be5 {[%clk
00:32:38]} {[%emt 00:08:48]} 34. dxc6 {[%clk 00:31:31]} {[%emt 00:03:03]} Na3+
{[%clk 00:30:44]} {[%emt 00:02:24]} 0-1

[Event "DVM U20 2023"]
[Site "Magdeburg GER"]
[Date "2023.12.28"]
[Round "3"]
[White "Schönherr, Stijn"]
[Black "Martsfeld, Jonas"]
[Result "0-1"]
[Termination "normal"]
[Board "7.6"]
[WhiteElo "1295"]
[BlackElo "1421"]
[WhiteClock "01:06:14"]
[BlackClock "00:12:23"]
[WhiteTeam "USC Magdeburg"]
[BlackTeam "SF HN-Biberach 1978"]
[PlyCount "82"]
[WhiteFideId "34611622"]
[BlackFideId "16255640"]
[EventCountry "GER"]
[EventRounds "7"]
[EventType "team-swiss"]
[EventDate "2023.12.26"]

1. e4 {[%clk 01:30:57]} {[%emt 00:00:02]} e5 {[%clk 01:30:59]} {[%emt
00:00:02]} 2. Nf3 {[%clk 01:31:19]} {[%emt 00:00:08]} Nc6 {[%clk 01:31:26]}
{[%emt 00:00:03]} 3. Nc3 {[%clk 01:31:37]} {[%emt 00:00:12]} Bc5 {[%clk
01:31:41]} {[%emt 00:00:15]} 4. Nxe5 {[%clk 01:31:50]} {[%emt 00:00:16]} Nxe5
{[%clk 01:30:51]} {[%emt 00:01:21]} 5. d4 {[%clk 01:32:13]} {[%emt 00:00:07]}
Bxd4 {[%clk 01:14:12]} {[%emt 00:17:09]} 6. Qxd4 {[%clk 01:32:29]} {[%emt
00:00:14]} Qf6 {[%clk 01:14:35]} {[%emt 00:00:07]} 7. Qe3 {[%clk 01:31:19]}
{[%emt 00:01:39]} Ne7 {[%clk 00:49:13]} {[%emt 00:25:53]} 8. Qg3 {[%clk
01:22:14]} {[%emt 00:09:35]} N7g6 {[%clk 00:40:07]} {[%emt 00:09:36]} 9. Nd5
{[%clk 01:22:29]} {[%emt 00:00:14]} Qc6 {[%clk 00:39:33]} {[%emt 00:01:04]} 10.
Bd3 {[%clk 01:22:24]} {[%emt 00:00:34]} O-O {[%clk 00:36:03]} {[%emt 00:04:00]}
11. O-O {[%clk 01:22:33]} {[%emt 00:00:22]} d6 {[%clk 00:35:04]} {[%emt
00:01:29]} 12. Bg5 {[%clk 01:22:35]} {[%emt 00:00:28]} Be6 {[%clk 00:33:22]}
{[%emt 00:02:12]} 13. Ne7+ {[%clk 01:22:52]} {[%emt 00:00:13]} Nxe7 {[%clk
00:33:50]} {[%emt 00:00:02]} 14. Bxe7 {[%clk 01:23:12]} {[%emt 00:00:09]} Rfe8
{[%clk 00:34:18]} {[%emt 00:00:01]} 15. Bf6 {[%clk 01:23:21]} {[%emt 00:00:21]}
Ng6 {[%clk 00:34:44]} {[%emt 00:00:05]} 16. Bc3 {[%clk 01:23:37]} {[%emt
00:00:15]} Bc4 {[%clk 00:33:41]} {[%emt 00:01:33]} 17. Rfe1 {[%clk 01:23:06]}
{[%emt 00:01:00]} Rad8 {[%clk 00:31:20]} {[%emt 00:02:50]} 18. Rad1 {[%clk
01:21:44]} {[%emt 00:01:53]} a6 {[%clk 00:27:49]} {[%emt 00:04:00]} 19. e5
{[%clk 01:17:55]} {[%emt 00:04:20]} dxe5 {[%clk 00:23:19]} {[%emt 00:05:00]}
20. Bxc4 {[%clk 01:16:41]} {[%emt 00:01:42]} Qxc4 {[%clk 00:22:48]} {[%emt
00:01:04]} 21. Bxe5 {[%clk 01:15:58]} {[%emt 00:01:11]} Rxd1 {[%clk 00:20:06]}
{[%emt 00:03:12]} 22. Rxd1 {[%clk 01:16:17]} {[%emt 00:00:12]} Qxc2 {[%clk
00:20:21]} {[%emt 00:00:14]} 23. Re1 {[%clk 01:15:36]} {[%emt 00:01:11]} Qxb2
{[%clk 00:19:24]} {[%emt 00:01:28]} 24. f4 {[%clk 01:15:39]} {[%emt 00:00:27]}
Nxe5 {[%clk 00:18:59]} {[%emt 00:00:55]} 25. fxe5 {[%clk 01:16:00]} {[%emt
00:00:10]} Qxa2 {[%clk 00:18:39]} {[%emt 00:00:49]} 26. Qh4 {[%clk 01:15:15]}
{[%emt 00:01:16]} Qd5 {[%clk 00:18:05]} {[%emt 00:01:01]} 27. Qh5 {[%clk
01:13:42]} {[%emt 00:02:03]} h6 {[%clk 00:15:55]} {[%emt 00:02:42]} 28. h3
{[%clk 01:12:39]} {[%emt 00:01:33]} c5 {[%clk 00:15:03]} {[%emt 00:01:22]} 29.
Kh2 {[%clk 01:06:40]} {[%emt 00:06:29]} b5 {[%clk 00:15:00]} {[%emt 00:00:32]}
30. Qe2 {[%clk 01:06:29]} {[%emt 00:00:41]} c4 {[%clk 00:14:34]} {[%emt
00:00:56]} 31. Qb2 {[%clk 01:06:47]} {[%emt 00:00:11]} a5 {[%clk 00:14:00]}
{[%emt 00:01:05]} 32. Qa1 {[%clk 01:05:41]} {[%emt 00:01:36]} b4 {[%clk
00:14:20]} {[%emt 00:00:11]} 33. Qb2 {[%clk 01:06:04]} {[%emt 00:00:07]} c3
{[%clk 00:14:31]} {[%emt 00:00:20]} 34. Qc2 {[%clk 01:06:24]} {[%emt 00:00:10]}
Rxe5 {[%clk 00:14:34]} {[%emt 00:00:27]} 35. Rd1 {[%clk 01:06:38]} {[%emt
00:00:15]} Qe4 {[%clk 00:14:42]} {[%emt 00:00:22]} 36. Rd8+ {[%clk 01:06:11]}
{[%emt 00:00:57]} Kh7 {[%clk 00:14:59]} {[%emt 00:00:13]} 37. Qf2 {[%clk
01:06:20]} {[%emt 00:00:20]} Rf5 {[%clk 00:13:53]} {[%emt 00:01:37]} 38. Qa2
{[%clk 01:05:54]} {[%emt 00:00:55]} c2 {[%clk 00:12:51]} {[%emt 00:01:32]} 39.
Rc8 {[%clk 01:05:57]} {[%emt 00:00:27]} Qf4+ {[%clk 00:12:27]} {[%emt
00:00:55]} 40. Kh1 {[%clk 01:06:14]} {[%emt 00:00:13]} c1=Q+ {[%emt 00:00:17]}
41. Rxc1 {[%emt 00:00:12]} Qxc1+ {[%clk 00:12:23]} {[%emt 00:00:04]} 1-0

[Event "DVM U20 2023"]
[Site "Magdeburg GER"]
[Date "2023.12.28"]
[Round "3"]
[White "Struck, Lasse"]
[Black "Leonard, Timo"]
[Result "0-1"]
[Termination "normal"]
[Board "8.1"]
[WhiteElo "1964"]
[BlackElo "2170"]
[WhiteClock "00:22:32"]
[BlackClock "00:17:04"]
[WhiteTeam "SF Essen-Katernberg 04/32"]
[BlackTeam "SV Hemer 1932"]
[PlyCount "44"]
[WhiteFideId "16255623"]
[BlackFideId "16208757"]
[EventCountry "GER"]
[EventRounds "7"]
[EventType "team-swiss"]
[EventDate "2023.12.26"]

1. d4 {[%clk 01:30:54]} {[%emt 00:00:06]} a6 {[%clk 01:30:57]} {[%emt
00:00:04]} 2. e4 {[%clk 01:29:37]} {[%emt 00:01:46]} e6 {[%clk 01:31:09]}
{[%emt 00:00:18]} 3. c4 {[%clk 01:25:53]} {[%emt 00:04:14]} b5 {[%clk
01:25:33]} {[%emt 00:06:05]} 4. cxb5 {[%clk 01:22:33]} {[%emt 00:03:50]} Bb7
{[%clk 01:22:00]} {[%emt 00:04:05]} 5. Nc3 {[%clk 01:22:41]} {[%emt 00:00:22]}
Bb4 {[%clk 01:13:35]} {[%emt 00:08:55]} 6. Bd3 {[%clk 01:17:35]} {[%emt
00:05:36]} f5 {[%clk 00:55:46]} {[%emt 00:18:19]} 7. Qh5+ {[%clk 01:11:06]}
{[%emt 00:06:58]} g6 {[%clk 00:54:34]} {[%emt 00:01:42]} 8. Qe2 {[%clk
01:11:16]} {[%emt 00:00:21]} Nf6 {[%clk 00:46:19]} {[%emt 00:08:46]} 9. Bg5
{[%clk 01:07:42]} {[%emt 00:04:03]} h6 {[%clk 00:42:12]} {[%emt 00:04:36]} 10.
Bxf6 {[%clk 01:07:02]} {[%emt 00:01:11]} Qxf6 {[%clk 00:42:38]} {[%emt
00:00:05]} 11. Nf3 {[%clk 01:07:05]} {[%emt 00:00:26]} axb5 {[%clk 00:37:08]}
{[%emt 00:06:00]} 12. O-O {[%clk 01:01:34]} {[%emt 00:06:01]} Bxc3 {[%clk
00:31:51]} {[%emt 00:05:47]} 13. bxc3 {[%clk 01:01:48]} {[%emt 00:00:15]} O-O
{[%clk 00:31:58]} {[%emt 00:00:24]} 14. exf5 {[%clk 00:49:11]} {[%emt
00:13:07]} gxf5 {[%clk 00:32:19]} {[%emt 00:00:09]} 15. Rfb1 {[%clk 00:48:56]}
{[%emt 00:00:45]} Kh7 {[%clk 00:28:57]} {[%emt 00:03:51]} 16. Rxb5 {[%clk
00:46:04]} {[%emt 00:03:23]} Bc6 {[%clk 00:29:15]} {[%emt 00:00:12]} 17. Re5
{[%clk 00:46:03]} {[%emt 00:00:32]} Ra3 {[%clk 00:27:33]} {[%emt 00:02:12]} 18.
c4 {[%clk 00:40:13]} {[%emt 00:06:21]} Bxf3 {[%clk 00:20:54]} {[%emt 00:07:08]}
19. Qxf3 {[%clk 00:40:01]} {[%emt 00:00:42]} Kh8 {[%emt 00:18:39]} 20. Rae1
{[%clk 00:23:38]} Nc6 {[%clk 00:19:33]} {[%emt 00:00:35]} 21. R5e3 {[%clk
00:23:01]} {[%emt 00:01:07]} Nxd4 {[%clk 00:18:24]} {[%emt 00:01:39]} 22. Qf4
{[%clk 00:22:32]} {[%emt 00:00:59]} Rxd3 {[%clk 00:17:04]} {[%emt 00:01:51]}
0-1

[Event "DVM U20 2023"]
[Site "Magdeburg GER"]
[Date "2023.12.28"]
[Round "3"]
[White "Trinh, Fabian Dat"]
[Black "Gallas, Noel"]
[Result "1-0"]
[Termination "normal"]
[Board "8.2"]
[WhiteElo "1875"]
[BlackElo "1931"]
[WhiteClock "00:18:48"]
[BlackClock "00:00:58"]
[WhiteTeam "SV Hemer 1932"]
[BlackTeam "SF Essen-Katernberg 04/32"]
[PlyCount "45"]
[WhiteFideId "16243641"]
[BlackFideId "16216059"]
[EventCountry "GER"]
[EventRounds "7"]
[EventType "team-swiss"]
[EventDate "2023.12.26"]

1. d4 {[%clk 01:30:57]} {[%emt 00:00:02]} Nf6 {[%clk 01:30:41]} {[%emt
00:00:20]} 2. Bf4 {[%clk 01:30:39]} {[%emt 00:00:47]} g6 {[%clk 01:30:41]}
{[%emt 00:00:30]} 3. Nc3 {[%clk 01:28:46]} {[%emt 00:02:23]} d5 {[%clk
01:29:34]} {[%emt 00:01:38]} 4. e3 {[%clk 01:28:26]} {[%emt 00:00:51]} Bg7
{[%clk 01:22:32]} {[%emt 00:07:31]} 5. h4 {[%clk 01:28:37]} {[%emt 00:00:20]}
h5 {[%clk 01:22:38]} {[%emt 00:00:23]} 6. Nf3 {[%clk 01:27:53]} {[%emt
00:01:14]} O-O {[%clk 01:20:38]} {[%emt 00:02:30]} 7. Qd2 {[%clk 01:22:31]}
{[%emt 00:05:52]} Bf5 {[%clk 01:14:34]} {[%emt 00:06:35]} 8. Ne5 {[%clk
01:16:54]} {[%emt 00:06:06]} Nbd7 {[%clk 00:54:39]} {[%emt 00:20:25]} 9. Be2
{[%clk 01:12:04]} {[%emt 00:05:20]} c5 {[%clk 00:44:42]} {[%emt 00:10:26]} 10.
O-O-O {[%clk 01:04:13]} {[%emt 00:08:22]} Rc8 {[%clk 00:22:10]} {[%emt
00:23:01]} 11. f3 {[%clk 00:53:39]} {[%emt 00:11:06]} a6 {[%clk 00:15:08]}
{[%emt 00:07:32]} 12. g4 {[%clk 00:51:50]} {[%emt 00:02:20]} hxg4 {[%clk
00:14:06]} {[%emt 00:01:31]} 13. fxg4 {[%clk 00:51:50]} {[%emt 00:00:30]} Ne4
{[%clk 00:14:12]} {[%emt 00:00:24]} 14. Qe1 {[%clk 00:26:54]} {[%emt 00:25:25]}
Nxc3 {[%clk 00:12:38]} {[%emt 00:02:05]} 15. gxf5 {[%clk 00:27:18]} {[%emt
00:00:06]} Nxa2+ {[%clk 00:08:10]} {[%emt 00:04:57]} 16. Kb1 {[%clk 00:27:41]}
{[%emt 00:00:07]} Nb4 {[%clk 00:08:16]} {[%emt 00:00:24]} 17. c3 {[%clk
00:24:29]} {[%emt 00:03:41]} Qa5 {[%clk 00:08:01]} {[%emt 00:00:45]} 18. cxb4
{[%clk 00:23:18]} {[%emt 00:01:41]} cxb4 {[%clk 00:08:21]} {[%emt 00:00:10]}
19. Nxd7 {[%clk 00:22:43]} {[%emt 00:01:05]} Qa4 {[%clk 00:04:17]} {[%emt
00:04:34]} 20. Nb6 {[%clk 00:18:27]} {[%emt 00:04:46]} Qc2+ {[%clk 00:02:02]}
{[%emt 00:02:45]} 21. Ka1 {[%clk 00:18:56]} {[%emt 00:00:02]} Rc5 {[%clk
00:01:12]} {[%emt 00:01:19]} 22. Qxb4 {[%clk 00:18:25]} {[%emt 00:01:01]} Rb5
{[%clk 00:00:58]} {[%emt 00:00:45]} 23. Bxb5 {[%clk 00:18:48]} 1-0

[Event "DVM U20 2023"]
[Site "Magdeburg GER"]
[Date "2023.12.28"]
[Round "3"]
[White "Poggemann, Alexander"]
[Black "Rasch, Lukas"]
[Result "1/2-1/2"]
[Termination "normal"]
[Board "8.4"]
[WhiteElo "1750"]
[BlackElo "1663"]
[WhiteClock "00:17:02"]
[BlackClock "00:18:34"]
[WhiteTeam "SV Hemer 1932"]
[BlackTeam "SF Essen-Katernberg 04/32"]
[PlyCount "40"]
[WhiteFideId "16224167"]
[BlackFideId "16272072"]
[EventCountry "GER"]
[EventRounds "7"]
[EventType "team-swiss"]
[EventDate "2023.12.26"]

1. e4 {[%clk 01:30:48]} {[%emt 00:00:11]} e6 {[%clk 01:30:40]} {[%emt
00:00:20]} 2. d4 {[%clk 01:31:05]} {[%emt 00:00:13]} d5 {[%clk 01:31:01]}
{[%emt 00:00:08]} 3. exd5 {[%clk 01:31:29]} {[%emt 00:00:06]} exd5 {[%clk
01:31:29]} {[%emt 00:00:03]} 4. Nf3 {[%clk 01:31:27]} {[%emt 00:00:32]} Nc6
{[%clk 01:30:17]} {[%emt 00:01:41]} 5. Bb5 {[%clk 01:29:52]} {[%emt 00:02:06]}
Bd6 {[%clk 01:29:25]} {[%emt 00:01:21]} 6. c4 {[%clk 01:26:50]} {[%emt
00:03:33]} dxc4 {[%clk 01:20:38]} {[%emt 00:09:17]} 7. d5 {[%clk 01:22:48]}
{[%emt 00:04:31]} a6 {[%clk 01:17:33]} {[%emt 00:03:34]} 8. Ba4 {[%clk
01:23:01]} {[%emt 00:00:19]} Bb4+ {[%clk 01:16:09]} {[%emt 00:01:54]} 9. Nc3
{[%clk 01:17:54]} {[%emt 00:05:37]} b5 {[%clk 01:14:46]} {[%emt 00:01:52]} 10.
dxc6 {[%clk 01:15:55]} {[%emt 00:02:30]} Qe7+ {[%clk 01:09:46]} {[%emt
00:05:30]} 11. Be3 {[%clk 00:52:44]} {[%emt 00:23:42]} Bxc3+ {[%clk 01:00:30]}
{[%emt 00:09:44]} 12. bxc3 {[%clk 00:52:54]} {[%emt 00:00:20]} bxa4 {[%clk
01:00:56]} {[%emt 00:00:05]} 13. O-O {[%clk 00:52:51]} {[%emt 00:00:34]} Be6
{[%clk 00:53:41]} {[%emt 00:07:44]} 14. Qxa4 {[%clk 00:49:46]} {[%emt
00:03:35]} Nf6 {[%clk 00:52:57]} {[%emt 00:01:14]} 15. Qa5 {[%clk 00:37:40]}
{[%emt 00:12:36]} Qd6 {[%clk 00:50:26]} {[%emt 00:03:01]} 16. Ne5 {[%clk
00:33:06]} {[%emt 00:05:04]} Nd5 {[%clk 00:36:18]} {[%emt 00:14:39]} 17. Bd4
{[%clk 00:28:54]} {[%emt 00:04:40]} O-O {[%clk 00:32:54]} {[%emt 00:03:55]} 18.
Rfe1 {[%clk 00:26:34]} {[%emt 00:02:49]} Rfb8 {[%clk 00:32:04]} {[%emt
00:01:20]} 19. Rab1 {[%clk 00:16:47]} {[%emt 00:10:17]} Rxb1 {[%clk 00:19:31]}
{[%emt 00:13:04]} 20. Rxb1 {[%clk 00:17:02]} {[%emt 00:00:14]} f6 {[%clk
00:18:34]} {[%emt 00:01:27]} 1/2-1/2